000 00902nam a2200229 a 4500
001 48240
003 BD-RjUL
005 20211209054502.0
008 160813s2005 ii ||||| b||| 00| 0 ben d
020 _c: Tk. 150.00
035 _a(BD-RjUL)48359
040 _aBD-RjUL
_bben
_cBD-RjUL
041 _aben
082 _223
_a891.4409
_bKUP 2005
100 _aকুশারী, দীপক কুমার
_9146103
245 1 0 _aপ্যারীচাঁদ মিত্র :
_bভাষা ও রচনাশৈলী /
_cদীপক কুমার কুশারী
260 _aকলকাতা :
_bসোনার তরী,
_c২০০৫
300 _a২৩৮ পৃ. ;
_c২০ সেমি
650 _aবাংলা সাহিত্য
_xইতিহাস ও সমালোচনা
_9146104
650 _aBengali Literature
_xHistory and Criticism
_9146105
942 _2ddc
_cBK
999 _c48240
_d48240